[Event "Landesliga Ost MVP 2013-14"]
[Site "?"]
[Date "2014.01.19"]
[Round "5.3"]
[White "Witkowski, Rainer"]
[Black "Riebort, Frank"]
[Result "1/2-1/2"]
[WhiteElo "1833"]
[BlackElo "1932"]
[PlyCount "64"]
[EventType "team-tourn"]
[EventRounds "9"]
[EventCountry "GER"]
[WhiteTeam "SG Eintracht Neubrandenburg II"]
[BlackTeam "SV Motor Wolgast 1949"]
[WhiteTeamCountry "GER"]
[BlackTeamCountry "GER"]

1. e4 e5 2. Nf3 Nf6 3. d3 Nc6 4. Be2 Bc5 5. O-O d6 6. Nc3 O-O 7. Na4 Bb6 8.
Nxb6 axb6 9. h3 Be6 10. c4 h6 11. Be3 Nd7 12. d4 exd4 13. Nxd4 Nxd4 14. Bxd4 f5
15. Qc2 f4 16. Rfd1 Qg5 17. Rd3 Rf7 18. Kh2 Qh4 19. Bf1 Ra5 20. g3 Qh5 21. b4
Rg5 22. gxf4 Rxf4 23. Be3 Rxe4 24. Bxg5 Qxg5 25. Rg3 Qf4 26. Bg2 Rxc4 27. Qg6
Qf6 28. Qe8+ Nf8 29. Re1 Rf4 30. Ree3 Bf7 31. Qc8 Rxf2 32. Qxc7 Bd5 1/2-1/2

[Event "Landesliga Ost MVP 2013-14"]
[Site "?"]
[Date "2014.01.19"]
[Round "5.4"]
[White "Zimmermann, Frank"]
[Black "Buenz, Heinrich"]
[Result "1-0"]
[WhiteElo "1606"]
[BlackElo "1714"]
[PlyCount "63"]
[EventType "team-tourn"]
[EventRounds "9"]
[EventCountry "GER"]
[WhiteTeam "SV Motor Wolgast 1949"]
[BlackTeam "SG Eintracht Neubrandenburg II"]
[WhiteTeamCountry "GER"]
[BlackTeamCountry "GER"]

1. f4 d5 2. Nf3 Nf6 3. e3 Bg4 4. Be2 e6 5. O-O Bd6 6. Nc3 c6 7. d3 O-O 8. h3
Bh5 9. Nh2 Bxe2 10. Qxe2 Nbd7 11. e4 dxe4 12. dxe4 e5 13. f5 Nc5 14. Bg5 Qb6
15. Kh1 Qxb2 16. Bxf6 Qxc3 17. Qg4 g6 18. Rad1 Qxc2 19. fxg6 fxg6 20. Rxd6 Rae8
21. Re1 Rf7 22. Qh4 Nd3 23. Ng4 Nxe1 24. Nh6+ Kf8 25. Qxe1 Qxa2 26. Nxf7 Qxf7
27. Qb4 Kg8 28. Qd2 Rf8 29. Bxe5 Qf1+ 30. Kh2 Qf7 31. Rd7 Qc4 32. Rg7+ 1-0

[Event "Landesliga Ost MVP 2013-14"]
[Site "?"]
[Date "2014.01.19"]
[Round "5.5"]
[White "Winkler, Karl"]
[Black "Schellner, Ulf"]
[Result "1-0"]
[WhiteElo "1774"]
[BlackElo "1642"]
[PlyCount "75"]
[EventType "team-tourn"]
[EventRounds "9"]
[EventCountry "GER"]
[WhiteTeam "SG Eintracht Neubrandenburg II"]
[BlackTeam "SV Motor Wolgast 1949"]
[WhiteTeamCountry "GER"]
[BlackTeamCountry "GER"]

1. e4 e5 2. d4 exd4 3. Qxd4 Nc6 4. Qe3 Nf6 5. Nc3 Be7 6. Bd2 d6 7. O-O-O O-O 8.
f3 h6 9. h4 Nh7 10. g3 Be6 11. Nd5 Bxd5 12. exd5 Ne5 13. Be2 Bf6 14. f4 Nd7 15.
g4 g6 16. g5 Bg7 17. h5 Re8 18. Qg3 hxg5 19. hxg6 fxg6 20. Qh3 Ndf8 21. fxg5
Re7 22. Bd3 Qe8 23. Nf3 Rd8 24. Nh4 Be5 25. Rdf1 Rdd7 26. Bb5 c6 27. dxc6 bxc6
28. Qb3+ d5 29. Bxc6 Qc8 30. Bxd7 Rxd7 31. Bc3 Bxc3 32. Qxc3 Qxc3 33. bxc3 Rd6
34. Rhg1 Ra6 35. Kb2 Rb6+ 36. Ka1 Rc6 37. Rf3 Ne6 38. Nxg6 1-0

[Event "Landesliga Ost MVP 2013-14"]
[Site "?"]
[Date "2014.01.19"]
[Round "5.6"]
[White "Pochop, Bert"]
[Black "Stock, Joachim"]
[Result "1-0"]
[WhiteElo "1797"]
[BlackElo "1580"]
[PlyCount "115"]
[EventType "team-tourn"]
[EventRounds "9"]
[EventCountry "GER"]
[WhiteTeam "SV Motor Wolgast 1949"]
[BlackTeam "SG Eintracht Neubrandenburg II"]
[WhiteTeamCountry "GER"]
[BlackTeamCountry "GER"]

1. d4 d5 2. c4 Nf6 3. Nc3 e6 4. Bg5 Be7 5. Nf3 c6 6. e3 Nbd7 7. Rc1 O-O 8. Bd3
h6 9. Bf4 Nh7 10. Qc2 Ng5 11. cxd5 exd5 12. Rg1 Bf6 13. Qe2 Re8 14. Bb1 Nf8 15.
Bxg5 hxg5 16. g4 Bd7 17. Qd3 g6 18. h3 Ne6 19. Kf1 Kg7 20. Kg2 Rc8 21. b4 Rc7
22. b5 Bc8 23. bxc6 bxc6 24. Na4 Bd7 25. Bc2 Qc8 26. Bb3 Nd8 27. Rc2 Bxg4 28.
hxg4 Qxg4+ 29. Kf1 Qxf3 30. Rg3 Qe4 31. Nc5 Qxd3+ 32. Nxd3 Ne6 33. Rg1 Rh8 34.
Kg2 Rb8 35. Rgc1 Rbb7 36. Rxc6 Rd7 37. Nc5 Nxc5 38. R1xc5 Be7 39. Rxd5 Rxd5 40.
Bxd5 Rd7 41. Bb3 f5 42. Ra6 f4 43. Ba4 Rc7 44. Be8 Bf6 45. d5 fxe3 46. fxe3 Re7
47. Bb5 Rxe3 48. d6 Re1 49. Rxa7+ Kh6 50. d7 Rd1 51. a4 Rd5 52. Rb7 g4 53. a5
Kg5 54. a6 Rd2+ 55. Kf1 g3 56. Bc6 Kg4 57. a7 Ra2 58. a8=Q 1-0

[Event "Landesliga Ost MVP 2013-14"]
[Site "?"]
[Date "2014.01.19"]
[Round "5.7"]
[White "Sommer, Hans Hermann"]
[Black "Reimer, Karl"]
[Result "1-0"]
[WhiteElo "1663"]
[BlackElo "1619"]
[PlyCount "77"]
[EventType "team-tourn"]
[EventRounds "9"]
[EventCountry "GER"]
[WhiteTeam "SG Eintracht Neubrandenburg II"]
[BlackTeam "SV Motor Wolgast 1949"]
[WhiteTeamCountry "GER"]
[BlackTeamCountry "GER"]

1. e4 c5 2. d4 cxd4 3. c3 dxc3 4. Nxc3 Nc6 5. Nf3 d6 6. Bc4 e6 7. O-O Nf6 8.
Qe2 Be7 9. Rd1 O-O 10. e5 Ne8 11. exd6 Bxd6 12. Bf4 Qe7 13. Bxd6 Nxd6 14. Bd3
e5 15. Ne4 Nxe4 16. Bxe4 Re8 17. Bxc6 bxc6 18. Qxe5 Qxe5 19. Nxe5 Bb7 20. Nd7
Rad8 21. Nc5 Bc8 22. Kf1 Kf8 23. f3 Rd5 24. Rxd5 cxd5 25. Kf2 Bf5 26. g4 Rc8
27. Rc1 Rb8 28. gxf5 Rxb2+ 29. Kg3 Rxa2 30. Re1 f6 31. Rd1 a5 32. Rxd5 a4 33.
Rd8+ Ke7 34. Rd7+ Kf8 35. Ne6+ Ke8 36. Rxg7 a3 37. Rxh7 Ra1 38. Ra7 a2 39. Kf4
1-0

[Event "Landesliga Ost MVP 2013-14"]
[Site "?"]
[Date "2014.01.19"]
[Round "5.8"]
[White "Klotzsche, Stefan"]
[Black "Friedrich, Joerg"]
[Result "0-1"]
[WhiteElo "1626"]
[BlackElo "1648"]
[PlyCount "120"]
[EventType "team-tourn"]
[EventRounds "9"]
[EventCountry "GER"]
[WhiteTeam "SV Motor Wolgast 1949"]
[BlackTeam "SG Eintracht Neubrandenburg II"]
[WhiteTeamCountry "GER"]
[BlackTeamCountry "GER"]

1. d4 Nf6 2. Nf3 d6 3. e3 Bg4 4. Be2 Nc6 5. h3 Bd7 6. c4 e5 7. d5 Ne7 8. Nc3
Ng6 9. e4 h6 10. Be3 Be7 11. b4 Nf4 12. Bxf4 exf4 13. a4 Nh7 14. Qc2 Bf6 15.
Bd3 Ng5 16. Nxg5 hxg5 17. O-O-O Be5 18. f3 a6 19. a5 Qf6 20. Na4 Qd8 21. c5 Bb5
22. c6 bxc6 23. dxc6 Qb8 24. Bc4 Ke7 25. Bd5 Qa7 26. Rhe1 Rab8 27. Nb2 f6 28.
Ba2 Rhe8 29. Nd3 Bxd3 30. Qb3 Qc5+ 31. bxc5 Rxb3 32. Bxb3 Bb5 33. Kc2 Bxc6 34.
cxd6+ Bxd6 35. Ra1 Rb8 36. Bc4 Bb5 37. Bxb5 Rxb5 38. Ra4 Bb4 39. Rea1 Bd6 40.
Rh1 Be5 41. Kd3 Rb2 42. Rg1 Ke6 43. Rc4 Rb3+ 44. Kc2 Rb2+ 45. Kc1 Ra2 46. Rd1
Rxa5 47. Rd8 Ra1+ 48. Kc2 Ra2+ 49. Kb3 Rxg2 50. Ra8 Rb2+ 51. Ka3 Rb6 52. Ka4
Kf7 53. Ka5 Rb3 54. Kxa6 Rxf3 55. Rh8 Rb3 56. Rc8 Rxh3 57. R8xc7+ Bxc7 58.
Rxc7+ Kg6 59. Rc6 Rb3 60. e5 Re3 0-1

[Event "Landesliga Ost MVP 2013-14"]
[Site "?"]
[Date "2014.01.19"]
[Round "5.1"]
[White "Stork, Michael"]
[Black "Voelsgen, Georg"]
[Result "1-0"]
[WhiteElo "2009"]
[BlackElo "1943"]
[PlyCount "87"]
[EventType "team-tourn"]
[EventRounds "9"]
[EventCountry "GER"]
[WhiteTeam "ESV Waren"]
[BlackTeam "SV Gryps"]
[WhiteTeamCountry "GER"]
[BlackTeamCountry "GER"]

1. Nf3 Nf6 2. c4 c5 3. Nc3 Nc6 4. g3 g6 5. d4 cxd4 6. Nxd4 Bg7 7. Bg2 O-O 8.
O-O Qb6 9. Nc2 d6 10. b3 Bf5 11. e4 Bg4 12. Qe1 Ne5 13. Be3 Qa5 14. f3 Bd7 15.
Nd5 Qd8 16. Qd2 b5 17. c5 dxc5 18. Bxc5 Nxd5 19. exd5 Bf5 20. Ne3 Bc8 21. Rad1
Qc7 22. Ba3 Rd8 23. Rc1 Qd7 24. f4 Nc6 25. Bb2 Bxb2 26. Qxb2 Nb4 27. Qd4 a5 28.
a3 Na6 29. f5 Bb7 30. Ng4 f6 31. fxg6 h5 32. Nh6+ Kg7 33. Nf5+ Kxg6 34. Qe4 Kf7
35. Qe6+ Kf8 36. Qe3 Kf7 37. Qh6 Rg8 38. Qxh5+ Kf8 39. Rce1 Re8 40. Qh6+ Kf7
41. Qh7+ Kf8 42. Nh6 Bxd5 43. Rd1 Qa7+ 44. Kh1 1-0

[Event "Landesliga Ost MVP 2013-14"]
[Site "?"]
[Date "2014.01.19"]
[Round "5.2"]
[White "Windjaeger, Gerd"]
[Black "Schumacher, Albrecht"]
[Result "1-0"]
[WhiteElo "1893"]
[BlackElo "1925"]
[PlyCount "85"]
[EventType "team-tourn"]
[EventRounds "9"]
[EventCountry "GER"]
[WhiteTeam "SV Gryps"]
[BlackTeam "ESV Waren"]
[WhiteTeamCountry "GER"]
[BlackTeamCountry "GER"]

1. d4 Nf6 2. Nf3 g6 3. Nc3 d5 4. Bf4 Bg7 5. Qd2 O-O 6. Bh6 Ne4 7. Nxe4 dxe4 8.
Bxg7 Kxg7 9. Ng5 Qd5 10. c4 Qxc4 11. Nxe4 Rd8 12. e3 Qc6 13. Nc3 e5 14. d5 Qd6
15. e4 c6 16. h4 h6 17. O-O-O cxd5 18. exd5 Na6 19. Bxa6 Qxa6 20. Rhe1 Re8 21.
f4 Bg4 22. fxe5 Bxd1 23. Qxd1 b5 24. Qd4 Qb6 25. Qxb6 axb6 26. Kb1 b4 27. Nb5
Ra5 28. Nc7 Rd8 29. e6 fxe6 30. dxe6 Rc8 31. e7 Kf7 32. e8=Q+ Rxe8 33. Nxe8 Rd5
34. Re3 Rd4 35. g3 h5 36. Kc2 g5 37. hxg5 Kg6 38. Rd3 Rg4 39. Nf6 Rxg5 40. Nd5
Rg4 41. Nxb6 h4 42. gxh4 Rxh4 43. Kb3 1-0

[Event "Landesliga Ost MVP 2013-14"]
[Site "?"]
[Date "2014.01.19"]
[Round "5.3"]
[White "Wittig, Harry"]
[Black "Mauser, Tassilo Tino"]
[Result "1/2-1/2"]
[WhiteElo "1867"]
[BlackElo "1804"]
[PlyCount "49"]
[EventType "team-tourn"]
[EventRounds "9"]
[EventCountry "GER"]
[WhiteTeam "ESV Waren"]
[BlackTeam "SV Gryps"]
[WhiteTeamCountry "GER"]
[BlackTeamCountry "GER"]

1. d4 d5 2. Nf3 Nf6 3. Bf4 e6 4. e3 Bd6 5. Nc3 Bxf4 6. exf4 O-O 7. Bd3 b6 8.
O-O c5 9. Re1 Ba6 10. Bxa6 Nxa6 11. a3 Rc8 12. Ne5 cxd4 13. Qxd4 Nc5 14. Rad1
Qc7 15. Re2 Rfd8 16. f3 Nb7 17. Nb5 Qb8 18. Qa4 a5 19. Qd4 Nd6 20. Nxd6 Qxd6
21. g3 Nd7 22. Kg2 b5 23. c3 Nb6 24. Nd3 Nc4 25. Qf2 1/2-1/2

[Event "Landesliga Ost MVP 2013-14"]
[Site "?"]
[Date "2014.01.19"]
[Round "5.4"]
[White "Hollatz, Michael"]
[Black "Schreiner, Wolfgang"]
[Result "1/2-1/2"]
[WhiteElo "1743"]
[BlackElo "1789"]
[PlyCount "54"]
[EventType "team-tourn"]
[EventRounds "9"]
[EventCountry "GER"]
[WhiteTeam "SV Gryps"]
[BlackTeam "ESV Waren"]
[WhiteTeamCountry "GER"]
[BlackTeamCountry "GER"]

1. e4 c5 2. Nf3 e6 3. c3 d5 4. e5 Nc6 5. d4 Qb6 6. a3 Bd7 7. Be2 Nh6 8. b4 c4
9. Qc2 f5 10. a4 Nf7 11. Na3 a6 12. Rb1 Qc7 13. O-O Be7 14. h4 Qd8 15. g3 g5
16. hxg5 Nxg5 17. Nxg5 Bxg5 18. Bh5+ Kf8 19. f4 Bh6 20. Qh2 Ne7 21. Be2 Bg7 22.
a5 h5 23. Nc2 Qe8 24. Kf2 Qg6 25. Rh1 Be8 26. Ne1 Ng8 27. Nf3 Nh6 1/2-1/2

[Event "Landesliga Ost MVP 2013-14"]
[Site "?"]
[Date "2014.01.19"]
[Round "5.5"]
[White "Dohnow, Thomas"]
[Black "Giering, Nils"]
[Result "1/2-1/2"]
[WhiteElo "1726"]
[BlackElo "1617"]
[PlyCount "81"]
[EventType "team-tourn"]
[EventRounds "9"]
[EventCountry "GER"]
[WhiteTeam "ESV Waren"]
[BlackTeam "SV Gryps"]
[WhiteTeamCountry "GER"]
[BlackTeamCountry "GER"]

1. c4 Nf6 2. Nc3 d5 3. cxd5 Nxd5 4. d4 g6 5. Nf3 Bg7 6. e4 Nxc3 7. bxc3 c5 8.
Bb5+ Bd7 9. Bxd7+ Nxd7 10. O-O O-O 11. Rb1 Qc7 12. e5 Rfd8 13. Qb3 b6 14. e6 c4
15. exf7+ Kxf7 16. Ng5+ Kg8 17. Qb4 Nf8 18. Nf3 Rac8 19. Re1 Bf6 20. Ne5 Bxe5
21. dxe5 Qxe5 22. Ba3 Qf5 23. Rxe7 Rd2 24. Rf1 b5 25. Rxa7 Re8 26. Qb1 Qxb1 27.
Rxb1 Rxa2 28. g3 Rb8 29. Bd6 Rxa7 30. Bxb8 Rb7 31. Bd6 Kf7 32. Re1 Ne6 33. Re3
Rd7 34. Bb4 Rd5 35. Kg2 Kf6 36. Rf3+ Kg7 37. h4 h6 38. Be7 g5 39. Re3 Kf7 40.
Bb4 gxh4 41. Rf3+ 1/2-1/2

[Event "Landesliga Ost MVP 2013-14"]
[Site "?"]
[Date "2014.01.19"]
[Round "5.6"]
[White "Sadewasser, Lucie"]
[Black "Lotz, Robert"]
[Result "1-0"]
[WhiteElo "1431"]
[BlackElo "1736"]
[PlyCount "41"]
[EventType "team-tourn"]
[EventRounds "9"]
[EventCountry "GER"]
[WhiteTeam "SV Gryps"]
[BlackTeam "ESV Waren"]
[WhiteTeamCountry "GER"]
[BlackTeamCountry "GER"]

1. e4 g6 2. d4 Bg7 3. c3 d6 4. f4 Nf6 5. Bd3 O-O 6. Ne2 c5 7. d5 a6 8. h3 b5 9.
Bc2 Bb7 10. Nd2 e6 11. dxe6 fxe6 12. g4 d5 13. e5 Nfd7 14. h4 Qb6 15. Rf1 Qd8
16. Nf3 Nc6 17. Ng5 Qe7 18. h5 h6 19. Nf3 g5 20. Qd3 gxf4 21. Qh7+ 1-0

[Event "Landesliga Ost MVP 2013-14"]
[Site "?"]
[Date "2014.01.19"]
[Round "5.7"]
[White "Mayerhoff, Lothar"]
[Black "Mielke, Sven"]
[Result "0-1"]
[WhiteElo "1570"]
[BlackElo "1812"]
[PlyCount "42"]
[EventType "team-tourn"]
[EventRounds "9"]
[EventCountry "GER"]
[WhiteTeam "ESV Waren"]
[BlackTeam "SV Gryps"]
[WhiteTeamCountry "GER"]
[BlackTeamCountry "GER"]

1. d4 d5 2. Nf3 Nf6 3. h3 e6 4. Bg5 Nbd7 5. e3 c6 6. Nbd2 Be7 7. c4 O-O 8. Bd3
c5 9. cxd5 Nxd5 10. Bxe7 Qxe7 11. Rc1 cxd4 12. Nxd4 b6 13. Nc6 Qg5 14. Qg4 Qxg4
15. hxg4 g6 16. g5 Bb7 17. e4 Nc5 18. Bb1 Bxc6 19. exd5 Bxd5 20. Rh2 Rac8 21.
f3 Nd3+ 0-1

[Event "Landesliga Ost MVP 2013-14"]
[Site "?"]
[Date "2014.01.19"]
[Round "5.8"]
[White "Springer, Guido"]
[Black "Wuttke, Reiner"]
[Result "1-0"]
[WhiteElo "1762"]
[BlackElo "1511"]
[PlyCount "59"]
[EventType "team-tourn"]
[EventRounds "9"]
[EventCountry "GER"]
[WhiteTeam "SV Gryps"]
[BlackTeam "ESV Waren"]
[WhiteTeamCountry "GER"]
[BlackTeamCountry "GER"]

1. e4 e6 2. d3 Nc6 3. Nf3 Be7 4. Nc3 d6 5. d4 Nf6 6. Bb5 a6 7. Bd3 Nb4 8. O-O
Nxd3 9. Qxd3 c6 10. e5 Nd7 11. Ne4 dxe5 12. dxe5 Nb6 13. Qb3 O-O 14. Bd2 a5 15.
c4 Nd7 16. Rad1 Qb6 17. Qc2 f6 18. Bc3 f5 19. Nd6 Qc7 20. Rd2 Nc5 21. Rfd1 b6
22. a3 Rd8 23. b4 Nb7 24. Nxc8 Rxd2 25. Nxe7+ Qxe7 26. Rxd2 axb4 27. axb4 c5
28. b5 h6 29. Qd1 Qe8 30. h3 1-0

[Event "Landesliga Ost MVP 2013-14"]
[Site "?"]
[Date "2014.01.19"]
[Round "5.1"]
[White "Luethke, Hans Eckart"]
[Black "Pruesse, Horst"]
[Result "1-0"]
[WhiteElo "2096"]
[BlackElo "1947"]
[PlyCount "83"]
[EventType "team-tourn"]
[EventRounds "9"]
[EventCountry "GER"]
[WhiteTeam "SSC Graal-Müritz"]
[BlackTeam "SG Eintracht Neubrandenburg"]
[WhiteTeamCountry "GER"]
[BlackTeamCountry "GER"]

1. Nf3 e6 2. e4 c5 3. c3 Nf6 4. e5 Nd5 5. c4 Nb4 6. a3 N4c6 7. g3 Qc7 8. Qe2
Na5 9. Nc3 Nb3 10. Rb1 Nc6 11. Nb5 Qa5 12. Qd3 Nxc1 13. Rxc1 Qd8 14. Bg2 h6 15.
O-O Be7 16. Qe4 O-O 17. d4 d5 18. exd6 Bxd6 19. Nxd6 Qxd6 20. dxc5 Qxc5 21. b4
Qe7 22. Rfd1 f5 23. Qe1 Bd7 24. b5 Nd8 25. Ne5 Be8 26. Qe3 a6 27. a4 Kh7 28.
Qb6 axb5 29. axb5 Nf7 30. Qxb7 Qxb7 31. Bxb7 Nxe5 32. Bxa8 Bh5 33. f4 Nxc4 34.
Re1 Nb2 35. Rc2 Nd3 36. Ra1 Rb8 37. Bc6 Nb4 38. Rc4 Nd5 39. Bxd5 exd5 40. Rc5
Bf3 41. Kf2 Be4 42. Ke3 1-0

[Event "Landesliga Ost MVP 2013-14"]
[Site "?"]
[Date "2014.01.19"]
[Round "5.2"]
[White "Lansky, Georg"]
[Black "Schumann, Lutz"]
[Result "1-0"]
[WhiteElo "1849"]
[BlackElo "1838"]
[PlyCount "57"]
[EventType "team-tourn"]
[EventRounds "9"]
[EventCountry "GER"]
[WhiteTeam "SG Eintracht Neubrandenburg"]
[BlackTeam "SSC Graal-Müritz"]
[WhiteTeamCountry "GER"]
[BlackTeamCountry "GER"]

1. e4 g6 2. d4 Bg7 3. Nf3 d6 4. Nc3 Nf6 5. Be2 O-O 6. Be3 c6 7. Qd2 b5 8. a3
Re8 9. h3 a6 10. O-O Bb7 11. e5 Nd5 12. Nxd5 cxd5 13. exd6 Qxd6 14. Bf4 Qb6 15.
Rfe1 Nd7 16. c3 Rad8 17. Bd1 f6 18. Bb3 Qc6 19. Re2 Nb6 20. Rae1 e5 21. dxe5
Nc4 22. Bxc4 dxc4 23. Qc2 fxe5 24. Bxe5 Bh6 25. Bd4 Rf8 26. Re6 Qd7 27. Re7 Qc8
28. R1e6 Bxf3 29. Rxg6+ 1-0

[Event "Landesliga Ost MVP 2013-14"]
[Site "?"]
[Date "2014.01.19"]
[Round "5.3"]
[White "Schulz, Wolf Detlef"]
[Black "Rossmann, Andreas"]
[Result "0-1"]
[WhiteElo "1838"]
[BlackElo "1977"]
[PlyCount "38"]
[EventType "team-tourn"]
[EventRounds "9"]
[EventCountry "GER"]
[WhiteTeam "SSC Graal-Müritz"]
[BlackTeam "SG Eintracht Neubrandenburg"]
[WhiteTeamCountry "GER"]
[BlackTeamCountry "GER"]

1. e4 d6 2. d4 Nf6 3. Nc3 g6 4. Bg5 Bg7 5. f4 O-O 6. e5 Nfd7 7. Nf3 f6 8. Bc4+
Kh8 9. Bh4 Nb6 10. Bb3 Bg4 11. h3 Bxf3 12. Qxf3 fxe5 13. O-O Nc6 14. dxe5 Bxe5
15. Qe3 Bd4 16. Rae1 Bxe3+ 17. Rxe3 d5 18. Rd1 d4 19. Ne2 dxe3 0-1

[Event "Landesliga Ost MVP 2013-14"]
[Site "?"]
[Date "2014.01.19"]
[Round "5.4"]
[White "Stoevesand, Eric"]
[Black "Poppe, Thomas"]
[Result "1-0"]
[WhiteElo "1929"]
[BlackElo "1696"]
[PlyCount "69"]
[EventType "team-tourn"]
[EventRounds "9"]
[EventCountry "GER"]
[WhiteTeam "SG Eintracht Neubrandenburg"]
[BlackTeam "SSC Graal-Müritz"]
[WhiteTeamCountry "GER"]
[BlackTeamCountry "GER"]

1. e4 c5 2. Nf3 d6 3. d4 cxd4 4. Nxd4 Nf6 5. Nc3 a6 6. Be2 e5 7. Nb3 Be6 8. Bg5
Nbd7 9. O-O Be7 10. f4 b5 11. Nd2 b4 12. Na4 exf4 13. Bxf4 Nc5 14. Nxc5 dxc5
15. Be5 Qb6 16. Nc4 Qc6 17. Bxf6 Bxf6 18. e5 Rd8 19. Qe1 Bg5 20. Qg3 Qe4 21.
Nd6+ Rxd6 22. exd6 Bf6 23. Bxa6 Qd4+ 24. Kh1 Be5 25. Bb5+ Kd8 26. Rad1 Bxg3 27.
Rxd4 cxd4 28. hxg3 Bd7 29. Bc4 f6 30. Rf4 Re8 31. Rxd4 Re1+ 32. Kh2 Bc6 33. Bd3
Kd7 34. Bf5+ Kd8 35. Rxb4 1-0

[Event "Landesliga Ost MVP 2013-14"]
[Site "?"]
[Date "2014.01.19"]
[Round "5.5"]
[White "Micheel, Peter"]
[Black "Baier, Karsten"]
[Result "1-0"]
[WhiteElo "1710"]
[BlackElo "1894"]
[PlyCount "59"]
[EventType "team-tourn"]
[EventRounds "9"]
[EventCountry "GER"]
[WhiteTeam "SSC Graal-Müritz"]
[BlackTeam "SG Eintracht Neubrandenburg"]
[WhiteTeamCountry "GER"]
[BlackTeamCountry "GER"]

1. e4 c5 2. Nf3 d6 3. d4 cxd4 4. Nxd4 Nc6 5. Bb5 Bd7 6. O-O a6 7. Nxc6 bxc6 8.
Ba4 Nf6 9. Nc3 g6 10. h3 Bg7 11. Qf3 Qc7 12. Bb3 O-O 13. Bf4 Nh5 14. Bh2 Be6
15. Rfe1 Bxb3 16. axb3 e5 17. g4 Nf6 18. Qd3 a5 19. Red1 Rfd8 20. Qc4 Qb6 21.
Kg2 Ne8 22. Bg1 Qb7 23. f3 Bh6 24. Rd3 Kf8 25. Rad1 Ke7 26. Na4 Qb4 27. Bf2
Qxc4 28. bxc4 Bf4 29. c5 dxc5 30. Bxc5+ 1-0

[Event "Landesliga Ost MVP 2013-14"]
[Site "?"]
[Date "2014.01.19"]
[Round "5.6"]
[White "Kunow, Frank"]
[Black "Rath, Wolfgang"]
[Result "1-0"]
[WhiteElo "1793"]
[BlackElo "1661"]
[PlyCount "48"]
[EventType "team-tourn"]
[EventRounds "9"]
[EventCountry "GER"]
[WhiteTeam "SG Eintracht Neubrandenburg"]
[BlackTeam "SSC Graal-Müritz"]
[WhiteTeamCountry "GER"]
[BlackTeamCountry "GER"]

1. Nf3 c5 2. c4 g6 3. Nc3 Bg7 4. d4 cxd4 5. Nxd4 Nc6 6. Nc2 b6 7. e4 Bb7 8. Be3
Rc8 9. Nd4 Nf6 10. f3 O-O 11. Qd2 Nh5 12. Nxc6 Bxc6 13. Be2 Qc7 14. g4 Nf6 15.
O-O-O b5 16. cxb5 Bxb5 17. Bxb5 Qa5 18. Kb1 Rxc3 19. Qxc3 Qxb5 20. Bd4 Rb8 21.
Rd2 d6 22. h4 d5 23. g5 Nh5 24. Bxg7 Nxg7 1-0

[Event "Landesliga Ost MVP 2013-14"]
[Site "?"]
[Date "2014.01.19"]
[Round "5.7"]
[White "Kundt, Guenther"]
[Black "Meyer, Detlef"]
[Result "1/2-1/2"]
[WhiteElo "1528"]
[BlackElo "1827"]
[PlyCount "23"]
[EventType "team-tourn"]
[EventRounds "9"]
[EventCountry "GER"]
[WhiteTeam "SSC Graal-Müritz"]
[BlackTeam "SG Eintracht Neubrandenburg"]
[WhiteTeamCountry "GER"]
[BlackTeamCountry "GER"]

1. d4 e5 2. dxe5 Nc6 3. Nf3 Qe7 4. g3 Nxe5 5. Nxe5 Qxe5 6. Bg2 Nf6 7. O-O Bc5
8. Nc3 c6 9. Bf4 Qe7 10. e4 O-O 11. Na4 d5 12. Bg5 1/2-1/2

[Event "Landesliga Ost MVP 2013-14"]
[Site "?"]
[Date "2014.01.19"]
[Round "5.8"]
[White "Stoevesand, Peter"]
[Black "Schroeter, Reinhard"]
[Result "1-0"]
[WhiteElo "1831"]
[BlackElo "1476"]
[PlyCount "83"]
[EventType "team-tourn"]
[EventRounds "9"]
[EventCountry "GER"]
[WhiteTeam "SG Eintracht Neubrandenburg"]
[BlackTeam "SSC Graal-Müritz"]
[WhiteTeamCountry "GER"]
[BlackTeamCountry "GER"]

1. e4 c5 2. Nf3 d6 3. d4 cxd4 4. Nxd4 Nf6 5. Nc3 a6 6. Be2 e6 7. Be3 Be7 8. Qd2
b5 9. f3 Qc7 10. O-O O-O 11. a3 Bb7 12. Rac1 d5 13. exd5 Nxd5 14. Nxd5 Bxd5 15.
Bd3 Nd7 16. f4 Rfd8 17. Nb3 Bf6 18. Rb1 Nb6 19. Qa5 Rd6 20. Nc5 Bd8 21. Nxa6
Qc8 22. Qxb5 Bc6 23. Bxh7+ Kxh7 24. Qh5+ Kg8 25. Nb4 Nd5 26. Bc5 Bb6 27. Bxb6
Nxb6 28. Qc5 Qc7 29. Rbd1 Nd5 30. c4 Ra5 31. Nxd5 Rxd5 32. Qe3 Rd7 33. b4 Ra8
34. b5 Bb7 35. c5 Bd5 36. Rb1 Bc4 37. Rfc1 Rd3 38. Qe5 Qxe5 39. fxe5 Ra4 40. c6
Rd8 41. b6 Bd3 42. c7 1-0

[Event "Landesliga Ost MVP 2013-14"]
[Site "?"]
[Date "2014.01.19"]
[Round "5.2"]
[White "Dupke, Andreas"]
[Black "Oergel, Ullrich"]
[Result "1-0"]
[WhiteElo "1802"]
[BlackElo "1740"]
[PlyCount "37"]
[EventType "team-tourn"]
[EventRounds "9"]
[EventCountry "GER"]
[WhiteTeam "SV Turbine Neubrandenburg"]
[BlackTeam "SC Seehotel Binz-Therme Rügen"]
[WhiteTeamCountry "GER"]
[BlackTeamCountry "GER"]

1. e4 e5 2. f4 exf4 3. Nf3 d5 4. exd5 Qxd5 5. Nc3 Qd8 6. Bc4 Qe7+ 7. Be2 Nc6 8.
O-O Be6 9. Bb5 a6 10. Bxc6+ bxc6 11. Ne5 g5 12. Kh1 c5 13. Qf3 Rc8 14. Ne4 Bd5
15. Re1 Be6 16. Nxg5 Qxg5 17. Qc6+ Kd8 18. Qd7+ Bxd7 19. Nxf7# 1-0

[Event "Landesliga Ost MVP 2013-14"]
[Site "?"]
[Date "2014.01.19"]
[Round "5.3"]
[White "Horch, Helmut"]
[Black "Voigt, Michael"]
[Result "1-0"]
[WhiteElo "1697"]
[BlackElo "1720"]
[PlyCount "111"]
[EventType "team-tourn"]
[EventRounds "9"]
[EventCountry "GER"]
[WhiteTeam "SC Seehotel Binz-Therme Rügen"]
[BlackTeam "SV Turbine Neubrandenburg"]
[WhiteTeamCountry "GER"]
[BlackTeamCountry "GER"]

1. d4 Nf6 2. Nf3 d5 3. c4 e6 4. Bg5 Nbd7 5. e3 Be7 6. Be2 O-O 7. O-O c6 8. Nc3
Re8 9. Rc1 h6 10. Bh4 Nh7 11. Bg3 dxc4 12. Bxc4 Nb6 13. Bd3 Ng5 14. Ne5 f6 15.
Nf3 Nxf3+ 16. Qxf3 Rf8 17. Rfd1 Qe8 18. Qe4 f5 19. Qf3 Nd5 20. Nxd5 exd5 21.
Be5 Be6 22. Qg3 Qf7 23. Be2 Bf6 24. Bd6 Rfd8 25. b4 Qd7 26. Bf4 Kh7 27. Rc2
Rac8 28. Rdc1 a6 29. h4 g6 30. a4 Rg8 31. b5 axb5 32. axb5 Rg7 33. bxc6 bxc6
34. Ba6 Ra8 35. Rxc6 Qe8 36. Be5 Bxe5 37. Qxe5 Bg8 38. Qd6 Raa7 39. h5 Rad7 40.
hxg6+ Qxg6 41. Qxg6+ Rxg6 42. Bc8 Rf7 43. Be6 Rf8 44. Rc7+ Kh8 45. Bxg8 Rgxg8
46. Rd7 Rd8 47. Rcc7 Rxd7 48. Rxd7 f4 49. Rxd5 fxe3 50. fxe3 Rf8 51. Rd7 Rf6
52. e4 Kg8 53. e5 Rf4 54. e6 h5 55. d5 h4 56. d6 1-0